000 01044cam a22002895a 4500
001 18124040
005 20160112115643.0
008 140422s2014 enka frb f001 0 eng d
020 _a9780199653676 (hbk.)
020 _a0199653674 (hbk.
040 _aBTCTA
_beng
_cBTCTA
_dBDX
_dUKMGB
_dYDXCP
_dLTSCA
_dCUD
_dCHVBK
_dDLC
_dEG-ScBUE
082 0 4 _a658.4053
_222
_bOXF
245 0 4 _aThe Oxford handbook of conflict management in organizations /
_cedited by William K. Roche, Paul Teague and Alexander J.S. Colvin.
250 _a1st ed.
260 _aOxford ;
_bOxford University Press,
_c2014.
300 _axix, 541 p. :
_bill. ;
_c26 cm.
500 _aIndex : p. 521-541.
504 _aIncludes bibliographical references.
650 7 _aConflict management.
_2BUEsh
_98129
650 7 _aIndustrial relations.
_2BUEsh
_934909
651 _2BUEsh
653 _bBUSADM
_cJuly2015
_cJanuary2016
700 1 _aRoche, William K.,
_d1957-
_eeditor.
700 1 _aTeague, Paul,
_eeditor.
700 1 _aColvin, Alexander James,
_eeditor.
942 _2ddc
999 _c20301
_d20273